000 00672nam a2200181 i 4500
001 121739
003 ES-MaACL
005 20230906191819.0
007 t|
008 070214s1955 sp r ||||1| spa d
100 1 _aPlaza Escudero, Luis María.
_992629
245 1 0 _aCatálogo de la colección cervantina Sedó
_b: guía del lector, resumen estadístico de las ediciones del Quijote, adiciones últimas /
_cLuis María Plaza.
260 _aBarcelona :
_bJosé Porter,
_c1955.
300 _a4 h. ;
_c25 cm.
600 1 4 _aCervantes Saavedra, Miguel de,
_d1547-1616.
_tDon Quijote de la Mancha
_937612
852 _aES-MaACL
_j2049-F-29
_bR.56175
999 _c121739
_d121739